书目信息 |
| 题名: |
果蔬采后生理与贮藏保鲜
|
|
| 作者: | 黄邦彦 , 杨谦 编著 | |
| 分册: | ||
| 出版信息: | 北京 农业出版社 1990.7 |
|
| 页数: | 153页 | |
| 开本: | 19厘米 | |
| 丛书名: | ||
| 单 册: | ||
| 中图分类: | S660.9 | |
| 科图分类: | 65.517 | |
| 主题词: | 水果--食品保鲜 , 蔬菜--食品保鲜 | |
| 电子资源: | ||
| ISBN: | 978-7-109-01567-8 | |
| 000 | 00872n|m 2200277 450 | |
| 001 | 0102662287 | |
| 005 | 20121116170000.0 | |
| 010 | @a978-7-109-01567-8@dCNY2.25 | |
| 100 | @a20021005d1990 em y0chiy0110 ea | |
| 101 | 0 | @achi |
| 102 | @aCN@b110000 | |
| 105 | @ay z 000yy | |
| 135 | @adrbn ---auuuu | |
| 200 | 1 | @a果蔬采后生理与贮藏保鲜@9Guo Shu Cai Hou Sheng Li Yu Zhu Cang;Zang Bao Xian @f黄邦彦,杨 谦编著@b电子资源.图书 |
| 210 | @a北京@c农业出版社@d1990.7 | |
| 215 | @a153页@d19厘米 | |
| 325 | @a电子复制品 | |
| 330 | @a本书叙述了果蔬贮藏保鲜的意义,采后生理的基础知识与贮藏保鲜的实际应用。 | |
| 606 | 0 | @a水果@x食品保鲜 |
| 606 | 0 | @a蔬菜@x食品保鲜 |
| 690 | @aS660.9 | |
| 692 | @a65.517 | |
| 701 | 0 | @a黄邦彦@f(1930~)@9huang bang yan@4编著 |
| 701 | 0 | @a杨谦@9yang qian@4编著 |
| 801 | 0 | @aCN@bAZmarc@c20230904 |
| 905 | @dS660.9@e9@f25@sS660.9/9@aBZT | |
| 果蔬采后生理与贮藏保鲜/黄邦彦,杨 谦编著[电子资源.图书].-北京:农业出版社,1990.7 |
| 153页;19厘米 |
| ISBN 978-7-109-01567-8:CNY2.25 |
| 本书叙述了果蔬贮藏保鲜的意义,采后生理的基础知识与贮藏保鲜的实际应用。 |
| ● |
| 相关链接 |
|
|
|
正题名:果蔬采后生理与贮藏保鲜
索取号:S660.9/9
 
预约/预借
| 序号 | 登录号 | 条形码 | 馆藏地/架位号 | 状态 | 备注 |
| 1 | 2000099327 | 2000099327 | 旧书回溯/ [索取号:S660.9/9] | 在馆 | |
| 2 | 2000108533 | 2000108533 | 旧书回溯/ [索取号:S660.9/9] | 在馆 | |
| 3 | 2000108534 | 2000108534 | 旧书回溯/ [索取号:S660.9/9] | 在馆 | |
| 4 | 2000108535 | 2000108535 | 旧书回溯/ [索取号:S660.9/9] | 在馆 | |
| 5 | 2000108536 | 2000108536 | 旧书回溯/ [索取号:S660.9/9] | 在馆 | |
| 6 | 2000108537 | 2000108537 | 旧书回溯/ [索取号:S660.9/9] | 在馆 | |
| 7 | 2000108538 | 2000108538 | 旧书回溯/ [索取号:S660.9/9] | 在馆 | |
| 8 | 2000108539 | 2000108539 | 旧书回溯/ [索取号:S660.9/9] | 在馆 | |
| 9 | 2000108565 | 2000108565 | 旧书回溯/ [索取号:S660.9/9] | 在馆 | |
| 10 | 2000108566 | 2000108566 | 旧书回溯/ [索取号:S660.9/9] | 在馆 | |
| 11 | 2000108567 | 2000108567 | 旧书回溯/ [索取号:S660.9/9] | 在馆 | |
| 12 | 2000108568 | 2000108568 | 旧书回溯/ [索取号:S660.9/9] | 在馆 | |
| 13 | 2000108569 | 2000108569 | 旧书回溯/ [索取号:S660.9/9] | 在馆 | |
| 14 | 2000108570 | 2000108570 | 旧书回溯/ [索取号:S660.9/9] | 在馆 | |
| 15 | 2000108571 | 2000108571 | 旧书回溯/ [索取号:S660.9/9] | 在馆 | |
| 16 | 2000108572 | 2000108572 | 旧书回溯/ [索取号:S660.9/9] | 在馆 | |
| 17 | 2000108573 | 2000108573 | 旧书回溯/ [索取号:S660.9/9] | 在馆 | |
| 18 | 2000108574 | 2000108574 | 旧书回溯/ [索取号:S660.9/9] | 在馆 | |
| 19 | 2000108575 | 2000108575 | 旧书回溯/ [索取号:S660.9/9] | 在馆 | |
| 20 | 2000108576 | 2000108576 | 旧书回溯/ [索取号:S660.9/9] | 在馆 | |
| 21 | 2000111098 | 2000111098 | 旧书回溯/ [索取号:S660.9/9] | 在馆 | |
| 22 | 2000111452 | 2000111452 | 旧书回溯/ [索取号:S660.9/9] | 在馆 | |
| 23 | 2000150786 | 2000150786 | 旧书回溯/ [索取号:S660.9/9] | 在馆 | |
| 24 | 2000151296 | 2000151296 | 旧书回溯/ [索取号:S660.9/9] | 在馆 | |
| 25 | 2000152111 | 2000152111 | 旧书回溯/ [索取号:S660.9/9] | 在馆 |